Consumer behavior : (Record no. 89757)

MARC details
000 -LEADER
fixed length control field 00662nam a22002177a 4500
005 - DATE AND TIME OF LATEST TRANSACTION
control field 20141103153218.0
010 ## - LCCN (DPL NO)
LC control number ENG-111102
020 ## - INTERNATIONAL STANDARD BOOK NUMBER
Terms of availability 795.00
International Standard Book Number 9788120350595
035 ## - SYSTEM CONTROL NUMBER
System control number EN-94634
037 ## - SOURCE OF ACQUISITION
Source of stock number/acquisition DBAD/PUB
082 ## - DEWEY DECIMAL CLASSIFICATION NUMBER
Classification number 658.8342
100 ## - MAIN ENTRY--PERSONAL NAME
Personal name Solomon, Michael R.
245 ## - TITLE STATEMENT
Title Consumer behavior :
Statement of responsibility, etc by Michael R. Solomon
Remainder of title buying, having and being /
250 ## - EDITION STATEMENT
Edition statement 11th ed
260 ## - PUBLICATION, DISTRIBUTION, ETC. (IMPRINT)
Place of publication, distribution, etc Delhi
Name of publisher, distributor, etc PHI Learning
Date of publication, distribution, etc 2015
270 ## - ADDRESS
City Delhi
Postal code 110092
Address Rimjhim House, 111, Patparganj Industrial Estate
300 ## - PHYSICAL DESCRIPTION
Extent xxii,582p.
Dimensions 28cm(pbk)
500 ## - GENERAL NOTE
General note Includes index
650 ## - SUBJECT ADDED ENTRY--TOPICAL TERM
Topical term or geographic name as entry element Consumer behavior.
942 ## - ADDED ENTRY ELEMENTS (KOHA)
Source of classification or shelving scheme Dewey Decimal Classification
Item type English Books
Call number suffix SOL
Classification part 658.8342
Holdings
Withdrawn status Lost status Not for loan Collection code Home library Current library Date acquired Source of acquisition Cost, normal purchase price Full call number Barcode Copy number Cost, replacement price Koha item type
    Not For Loan Non-fiction D.B.Act.Division D.B.Act.Division 03/11/2014 DBAD/PUB 795.00 658.8342 SOL EN-94634 1 795.00 English Books

© Delhi Public Library
Hit Counter
free hit counter